Evaluación de bibliotecas universitarias : una propuesta desde las perspectivas objetivas y subjetivas /
Guardado en:
| Otros Autores: | |
|---|---|
| Formato: | Libro |
| Idioma: | Spanish |
| Publicado: |
Buenos Aires :
Alfagrama,
2011.
|
| Edición: | 1a. ed. |
| Series: | Biblioteca Alfagrama.
|
| Materias: | |
| Acceso en línea: | Texto completo |
| Etiquetas: |
Agregar Etiqueta
Sin Etiquetas, Sea el primero en etiquetar este registro!
|
| LEADER | 01013nam a22002415a 4500 | ||
|---|---|---|---|
| 001 | EAD.ead004299 | ||
| 008 | 181130s2011####ag#######b####000#0#spa#d | ||
| 005 | 20181212161419.0 | ||
| 245 | 1 | 0 | |a Evaluación de bibliotecas universitarias : |b una propuesta desde las perspectivas objetivas y subjetivas / |c Marcela Fushimi, coordinadora ; Marcela Fushimi ...[et al.], autoras ; revisión general por Amelia Aguado y César Archuby. |
| 250 | |a 1a. ed. | ||
| 260 | |a Buenos Aires : |b Alfagrama, |c 2011. | ||
| 300 | |a 189 p. ; |c 22 cm. | ||
| 490 | 1 | |a Biblioteca Alfagrama | |
| 504 | |a Incluye referencias bibliográficas. | ||
| 020 | |a 9789871305629 | ||
| 700 | 1 | |a Fushimi, Marcela. | |
| 830 | 0 | |a Biblioteca Alfagrama. | |
| 082 | 0 | 4 | |a 027.7 |2 21 |
| 650 | 7 | |a Bibliotecología. |2 unbist | |
| 650 | 7 | |a Bibliotecas universitarias. |2 unbist | |
| 653 | |a Evaluación de bibliotecas | ||
| 856 | |y Texto completo |u http://www.memoria.fahce.unlp.edu.ar/libros/pm.19/pm.19.pdf | ||
| 859 | |a AR-BaBDC |b BIB. ADMINISTRACION - Libros |h 027.7 |i F986 |p b06905 | ||
